A-Z: Answers containing "Time" - Statistics

General Stats
  • This quiz has been taken 14 times
  • The average score is 12 of 26
Answer Stats
Initial Clue Answer % Correct
B The right moment for going to sleep Bedtime
93%
D The period during which the sun is up Daytime
93%
H A rest break midway through a sports match Half-time
93%
N After dark Nighttime
93%
W A cold season Wintertime
93%
L A period around noon when a midday meal can be eaten Lunchtime
86%
F Videoconferencing software made by Apple FaceTime
71%
T Data sheet useful when catching the bus or train Timetable
71%
G What GMT stands for Greenwich Mean Time
64%
E The time zone in New York Eastern Standard Time
50%
J GMT+9 in Osaka Japan Standard Time
50%
P A break during the school day Playtime
50%
R Precursor to jazz which used unusual rhythms Ragtime
50%
C A metrical length of about 0.4 inches Centimetre
36%
O Previous, former Onetime
36%
U Occurring at an unfortunate moment; inopportune Untimely
36%
A Device which measures how far above sea level you are Altimeter
21%
K The GMT+12 zone on a peninsula of Russia Kamchatka Time
21%
M Presentation format having more than one type of output at once, usually video and sound Multimedia
21%
S A feeling Sentiment
21%
Q A device that is used to measure the quantity of X rays Quantimeter
14%
V Archaic spelling of an old-fashioned word for clothing Vestiment
14%
X A phosphate of yttrium with a name indicating "foreign" Xenotime
14%
Y Pavement song, about a major life decision? Your Time to Change
7%
Z The name used for GMT in the military and in aviation Zulu Time Zone
7%
I Island of Panama whose name means "provisions", similar to the word for "enough" Isla Bastimentos
0%
No matching quizzes found
Score Distribution
Percent of People with Each Score
Percentile by Number Answered
Your Score History
You have not taken this quiz